<?xml version="1.0" encoding="UTF-8"?>
<record
    xmlns:xsi="http://www.w3.org/2001/XMLSchema-instance"
    xsi:schemaLocation="http://www.loc.gov/MARC21/slim http://www.loc.gov/standards/marcxml/schema/MARC21slim.xsd"
    xmlns="http://www.loc.gov/MARC21/slim">

  <leader>01667    a2200229   4500</leader>
  <controlfield tag="001">40614</controlfield>
  <controlfield tag="005">20260407155701.0</controlfield>
  <controlfield tag="008">260407a2015    arg                 spa d</controlfield>
  <controlfield tag="003">AR-UNSa-BCEJYS</controlfield>
  <datafield tag="040" ind1=" " ind2=" ">
    <subfield code="a">AR-UNSa-BCEJYS</subfield>
    <subfield code="b">spa</subfield>
    <subfield code="c">AR-UNSa-BCEJYS</subfield>
  </datafield>
  <datafield tag="080" ind1=" " ind2=" ">
    <subfield code="a">519.87</subfield>
    <subfield code="x">Modelos matem&#xE1;ticos para la investigaci&#xF3;n operativa</subfield>
  </datafield>
  <datafield tag="245" ind1="1" ind2="0">
    <subfield code="a">Simulaci&#xF3;n de modelos financieros</subfield>
  </datafield>
  <datafield tag="020" ind1=" " ind2=" ">
    <subfield code="a">978-987-1609-68-0</subfield>
  </datafield>
  <datafield tag="264" ind1=" " ind2="1">
    <subfield code="a">Buenos Aires :</subfield>
    <subfield code="b">Alfaomega</subfield>
    <subfield code="c">2015</subfield>
  </datafield>
  <datafield tag="300" ind1=" " ind2=" ">
    <subfield code="a">xi, 512 p.</subfield>
    <subfield code="c">23 cm.</subfield>
  </datafield>
  <datafield tag="505" ind1=" " ind2=" ">
    <subfield code="a">1. Presentaci&#xF3;n - 2. Introducci&#xF3;n al proceso de decisi&#xF3;n bajo condiciones de riesgo e incertidumbre - 3. Conceptos elementales de estad&#xED;stica - 4. Medidas de posici&#xF3;n y de dispersi&#xF3;n - 5. Distribuciones de probabilidad discreta - 6. Distribuciones de probabilidad continua - 7. N&#xFA;meros aleatorios - 8. An&#xE1;lisis de sensibilidad tradicional - 9. Introducci&#xF3;n a la simulaci&#xF3;n de Montecarlo - 10. Simulaci&#xF3;n de Montecarlo y an&#xE1;lisis de sensibilidad con el software simular - 11. Utilizando la informaci&#xF3;n hist&#xF3;rica para determinar distribuciones de probabilidad - 12. T&#xE9;cnicas de pron&#xF3;stico y predicci&#xF3;n - 13. An&#xE1;lisis de optimizaci&#xF3;n y simulaci&#xF3;n - 14. Problemas de decisi&#xF3;n vinculados a la investigaci&#xF3;n de operaciones - 15. Proyecci&#xF3;n de estados financieros y valuaci&#xF3;n de acciones - 16. Modelos de portafolios de inversi&#xF3;n - 17. Din&#xE1;mica de precios y valuaci&#xF3;n de opciones - 18. Instrumentos financieros de renta fija</subfield>
  </datafield>
  <datafield tag="041" ind1=" " ind2=" ">
    <subfield code="a">spa</subfield>
  </datafield>
  <datafield tag="942" ind1=" " ind2=" ">
    <subfield code="c">BK</subfield>
  </datafield>
  <datafield tag="590" ind1=" " ind2=" ">
    <subfield code="a">niveau_biblio:m niveau_hierar:0</subfield>
  </datafield>
  <datafield tag="100" ind1="1" ind2=" ">
    <subfield code="a">Machain, Luciano</subfield>
  </datafield>
  <datafield tag="856" ind1="4" ind2="1">
    <subfield code="u">https://biblioeco.unsa.edu.ar/pmb/images/libros/L126140_.jpg</subfield>
    <subfield code="y">Imagen de portada</subfield>
    <subfield code="q">image/jpeg</subfield>
  </datafield>
  <datafield tag="999" ind1=" " ind2=" ">
    <subfield code="c">3264</subfield>
    <subfield code="d">3264</subfield>
  </datafield>
  <datafield tag="952" ind1=" " ind2=" ">
    <subfield code="0">0</subfield>
    <subfield code="1">0</subfield>
    <subfield code="4">0</subfield>
    <subfield code="7">0</subfield>
    <subfield code="a">BCEJYS</subfield>
    <subfield code="b">BCEJYS</subfield>
    <subfield code="c">16</subfield>
    <subfield code="d">2026-04-07</subfield>
    <subfield code="l">0</subfield>
    <subfield code="o">519.87 M149</subfield>
    <subfield code="p">L126138</subfield>
    <subfield code="r">2026-04-07 15:57:01</subfield>
    <subfield code="w">2026-04-07</subfield>
    <subfield code="y">L</subfield>
  </datafield>
  <datafield tag="952" ind1=" " ind2=" ">
    <subfield code="0">0</subfield>
    <subfield code="1">0</subfield>
    <subfield code="4">0</subfield>
    <subfield code="7">0</subfield>
    <subfield code="a">BCEJYS</subfield>
    <subfield code="b">BCEJYS</subfield>
    <subfield code="c">16</subfield>
    <subfield code="d">2026-04-07</subfield>
    <subfield code="l">0</subfield>
    <subfield code="o">519.87 M149</subfield>
    <subfield code="p">L126139</subfield>
    <subfield code="r">2026-04-07 15:57:01</subfield>
    <subfield code="w">2026-04-07</subfield>
    <subfield code="y">L</subfield>
  </datafield>
  <datafield tag="952" ind1=" " ind2=" ">
    <subfield code="0">0</subfield>
    <subfield code="1">0</subfield>
    <subfield code="4">0</subfield>
    <subfield code="7">0</subfield>
    <subfield code="a">BCEJYS</subfield>
    <subfield code="b">BCEJYS</subfield>
    <subfield code="c">16</subfield>
    <subfield code="d">2026-04-07</subfield>
    <subfield code="l">0</subfield>
    <subfield code="o">519.87 M149</subfield>
    <subfield code="p">L126140</subfield>
    <subfield code="r">2026-04-07 15:57:01</subfield>
    <subfield code="w">2026-04-07</subfield>
    <subfield code="y">L</subfield>
  </datafield>
</record>
